• 首页
  • 本馆介绍
  • 公告通知
  • 最新文献
  • 馆藏检索
  • 电子资源
  • 读者导购
  • 参考咨询
  • 我的图书馆
  • 登录
  • 详细信息显示
  • 放入我的书架
  • 预约/预借图书
  • 作者相关作品
  • 分类相关作品
  • 丛书相关作品
  • 出版社相关作品

书目信息

  • 表格格式
  • 工作单格式
  • 卡片格式
题名:
气动热化学
    
 
作者: 李家春 , 吴承康 主编
分册:  
出版信息: 北京   科学出版社  2009
页数: 157页
开本: 26cm
丛书名:
单 册:
中图分类: O643.2-53
科图分类:
主题词: 气动热化学--文集 , 气动热化学
电子资源:
ISBN: 978-7-03-025670-6
000 01115nam0 2200289 45
001 1050890750
005 20100420103311.81
010    @a978-7-03-025670-6@dCNY88.00
100    @a20100408d2009 em y0chiy50 ea
101 0  @achi@aeng
102    @aCN@b110000
105    @aac z 010yy
106    @ar
200 1  @a气动热化学@AQi Dong Re Hua Xue@e祝贺吴承康院士八十华诞文集@EZhu He Wu Cheng Kang Yuan Shi Ba Shi Hua Dan Wen Ji@f李家春主编@FLi Jia Chun Zhu Bian
210    @a北京@c科学出版社@d2009
215    @a157页@c肖像,照片,图@d26cm
312    @a封面英文题名:aerothermochemistry
330    @a本书是“气动热化学”学术报告会大会邀请报告和吴承康院士代表性论著的文集,反映这一重要领域中的若干研究进展和发展前景。
510 1  @aaerothermochemistry@zeng
517 1  @a祝贺吴承康院士八十华诞文集@AZhu He Wu Cheng Kang Yuan Shi Ba Shi Hua Dan Wen Ji
606 0  @a气动热化学@j文集
606 0  @a气动热化学
690    @aO643.2-53@v4
701  0 @a李家春@ALi Jia Chun@f(1940~)@4主编
701  0 @a吴承康@AWu Cheng Kang@f(1929~)@4著
801  0 @aCN@bTANGWEI@c20100420
905    @b0591469-73@dO643.2-53@e65@f5
    
    气动热化学:祝贺吴承康院士八十华诞文集/李家春主编.-北京:科学出版社,2009
    157页:肖像,照片,图;26cm
    
    
    ISBN 978-7-03-025670-6:CNY88.00
    本书是“气动热化学”学术报告会大会邀请报告和吴承康院士代表性论著的文集,反映这一重要领域中的若干研究进展和发展前景。
●
相关链接 在E读中查询图书 在五车中查询图书 在当当中查询图书 在豆瓣中查询图书


正题名:气动热化学     索取号:O643.2-53/65         预约/预借

序号 登录号 条形码 馆藏地/架位号 状态 备注
1 0591469   205914698   第二样本阅览室/ [索取号:O643.2-53/65] 在馆    
2 0591470   205914705   密集书库-物理学院/ [索取号:O643.2-53/65] 在馆    
3 0591471   205914714   第三借阅区/ [索取号:O643.2-53/65] 在馆    
4 0591472   205914723   第三借阅区/ [索取号:O643.2-53/65] 在馆    
5 0591473   205914732   第三借阅区/ [索取号:O643.2-53/65] 在馆    
唐山师范学院图书馆 欢迎您!
大连网信软件有限公司© 版权所有